Vitre, porte et écran (notice n° 1605041)
[ vue normale ]
| 000 -LEADER | |
|---|---|
| fixed length control field | 01321cam a2200181 4500500 |
| 005 - DATE AND TIME OF LATEST TRANSACTION | |
| control field | 20251228094924.0 |
| 041 ## - LANGUAGE CODE | |
| Language code of text/sound track or separate title | fre |
| 042 ## - AUTHENTICATION CODE | |
| Authentication code | dc |
| 100 10 - MAIN ENTRY--PERSONAL NAME | |
| Personal name | Dufour, Sylvette |
| Relator term | author |
| 245 00 - TITLE STATEMENT | |
| Title | Vitre, porte et écran |
| 260 ## - PUBLICATION, DISTRIBUTION, ETC. | |
| Date of publication, distribution, etc. | 2010.<br/> |
| 500 ## - GENERAL NOTE | |
| General note | 6 |
| 520 ## - SUMMARY, ETC. | |
| Summary, etc. | Le déplacement du regard du Grand Verre vers cette autre surface transparente qu’est l’écran de TV montre l’attraction voyeuriste exercée par les secrets voilés/dévoilés, établissant ainsi un lien entre l’œuvre picturale de Duchamp et les série américaines contemporaines. |
| 520 ## - SUMMARY, ETC. | |
| Summary, etc. | Shifting the gaze from The Large Glass to the television screen – that other transparent surface – points to the voyeuristic attraction of [un]veiled secrets, establishing a link between Duchamp’s work and contemporary American television serials. |
| 520 ## - SUMMARY, ETC. | |
| Summary, etc. | Ao deslocarmos o olhar do Grand Verre para esse outra superfície transparente do ecrã de televisão, sentimos a atracção voyeurista exercida por todos esses segredos (des)vendados, estabelecendo-se assim uma insólita relação entre a obra pictórica de Duchamp e as séries americanas contemporâneas. |
| 786 0# - DATA SOURCE ENTRY | |
| Note | Sigila | 25 | 1 | 2010-03-01 | p. 95-100 | 1286-1715 |
| 856 41 - ELECTRONIC LOCATION AND ACCESS | |
| Uniform Resource Identifier | <a href="https://shs.cairn.info/revue-sigila-2010-1-page-95?lang=fr&redirect-ssocas=7080">https://shs.cairn.info/revue-sigila-2010-1-page-95?lang=fr&redirect-ssocas=7080</a> |
Pas d'exemplaire disponible.




Réseaux sociaux